000 00356nam a2200133Ia 4500
005 20260328104337.0
008 260328s9999||||xx |||||||||||||| ||und||
100 _aKaira Looro
245 0 _aKaira Looro Architecture Competition :
_b Sacred Architecture /
_cKaira Looro
260 _bKaira Looro
300 _a199 p.
650 _aARQUITECTURA
942 _cBK
999 _c11946
_d11946